000
00341nam a2200145Ia 4500
008
191201s2009 xx 000 0 und d
082
_a
657
_b
DOC
100
_a
DUTTA,Manash
245
0
_a
Cost Accounting Principles and Practice
250
_a
IMP
260
_a
N. delhi
_b
pearson
_c
2009
300
_a
MISC
650
_a
BBA
942
_2
ddc
_c
BK
999
_c
4422
_d
4422